Statistiche per Comuni della Provincia di Catanzaro

Clicka qui per fare il quiz!

Statistiche generali

  • Questo quiz è stato fatto 13 volte
  • Il punteggio medio è 31 su 80

Statistiche sulle risposte

Comune% Corretto
Catanzaro
91%
Soverato
73%
Borgia
64%
Guardavalle
64%
Lamezia Terme
64%
Botricello
55%
Davoli
55%
Albi
45%
Amaroni
45%
Andali
45%
Argusto
45%
Badolato
45%
Caraffa di Catanzaro
45%
Cenadi
45%
Centrache
45%
Chiaravalle Centrale
45%
Conflenti
45%
Cropani
45%
Decollatura
45%
Falerna
45%
Feroleto Antico
45%
Fossato Serralta
45%
Gagliato
45%
Gasperina
45%
Girifalco
45%
Gizzeria
45%
Isca sullo Ionio
45%
Magisano
45%
Maida
45%
Marcedusa
45%
Martirano
45%
Martirano Lombardo
45%
Olivadi
45%
Pentone
45%
Petrizzi
45%
Petronà
45%
Tiriolo
45%
Amato
36%
Belcastro
36%
Cardinale
36%
Carlopoli
36%
Cerva
36%
Cicala
36%
Cortale
36%
Curinga
36%
Gimigliano
36%
Jacurso
36%
Marcellinara
36%
Montepaone
36%
Motta Santa Lucia
36%
Nocera Torinese
36%
Palermiti
36%
San Floro
36%
San Pietro a Maida
36%
San Pietro Apostolo
36%
San Sostene
36%
Santa Caterina dello Ionio
36%
Sant'Andrea Apostolo dello Ionio
36%
Serrastretta
36%
Soveria Mannelli
36%
Vallefiorita
36%
Miglierina
27%
Montauro
27%
Platania
27%
San Vito sullo Ionio
27%
Satriano
27%
Sersale
27%
Simeri Crichi
27%
Soveria Simeri
27%
Stalettì
27%
Taverna
27%
Torre di Ruggiero
27%
Zagarise
27%
Pianopoli
18%
San Mango d'Aquino
18%
Sellia
18%
Sellia Marina
18%
Sorbo San Basile
18%
Squillace
18%
Settigiano
0%

Distribuzione punteggi

Percentile per numero di risposta

Percentuale di utenti per punteggio

I tuoi punteggi nel tempo

Non hai fatto questo quiz